|
|
|
|
| LEADER |
00000nam0a2200000 4500 |
| 001 |
347831 |
| 005 |
20251118143921.0 |
| 035 |
|
|
|a (RuTPU)RU\TPU\book\379786
|
| 090 |
|
|
|a 347831
|
| 100 |
|
|
|a 20220712d2022 k y0rusy50 ca
|
| 101 |
0 |
|
|a rus
|
| 102 |
|
|
|a RU
|
| 105 |
|
|
|a a dm 001zy
|
| 200 |
1 |
|
|a Алгоритмы предварительной идентификации параметров схемы замещения регулируемой асинхронной машины по кривым затухания фазных токов
|e автореферат диссертации на соискание ученой степени кандидата технических наук
|e спец. 05.09.01
|f Д. С. Буньков
|g Национальный исследовательский Томский политехнический университет ; науч. рук. С. Н. Кладиев
|
| 210 |
|
|
|a Томск
|c [Б. и.]
|d 2022
|
| 215 |
|
|
|a 22 с.
|c ил.
|
| 300 |
|
|
|a Защита сост. 16.09.2022 г.
|
| 320 |
|
|
|a Библиогр.: с. 22 (7 назв.)
|
| 452 |
|
1 |
|0 (RuTPU)RU\TPU\retro\27889
|t Алгоритмы предварительной идентификации параметров схемы замещения регулируемой асинхронной машины по кривым затухания фазных токов
|o автореферат диссертации на соискание ученой степени кандидата технических наук
|o спец. 05.09.01
|f Д. С. Буньков
|g Национальный исследовательский Томский политехнический университет ; науч. рук. С. Н. Кладиев
|c Томск
|d 2022
|a Буньков, Дмитрий Сергеевич
|
| 606 |
1 |
|
|a Электрические машины, асинхронные
|2 stltpush
|3 (RuTPU)RU\TPU\subj\27155
|9 50951
|
| 610 |
1 |
|
|a авторефераты диссертаций
|
| 610 |
1 |
|
|a труды учёных ТПУ
|
| 610 |
1 |
|
|a асинхронные машины
|
| 610 |
1 |
|
|a эксплуатация
|
| 610 |
1 |
|
|a асинхронные приводы
|
| 610 |
1 |
|
|a регрессивные модели
|
| 610 |
1 |
|
|a оптимизация
|
| 610 |
1 |
|
|a алгоритмы
|
| 610 |
1 |
|
|a схемы
|
| 610 |
1 |
|
|a инденторы
|
| 610 |
1 |
|
|a микропроцессорное управление
|
| 610 |
1 |
|
|a схемы замещения
|
| 610 |
1 |
|
|a идентификация
|
| 675 |
|
|
|a 621.313.33(04)
|v 4
|
| 686 |
|
|
|a 05.09.01
|2 oksvnk
|
| 700 |
|
1 |
|a Буньков
|b Д. С.
|c специалист в области электротехники
|c доцент Томского политехнического университета, кандидат технических наук
|f 1990-
|g Дмитрий Сергеевич
|3 (RuTPU)RU\TPU\pers\47322
|9 22889
|
| 702 |
|
1 |
|a Кладиев
|b С. Н.
|c специалист в области электротехники
|c доцент Томского политехнического университета, кандидат технических наук
|f 1960-
|g Сергей Николаевич
|3 (RuTPU)RU\TPU\pers\30625
|4 727
|9 14906
|
| 712 |
0 |
2 |
|a Национальный исследовательский Томский политехнический университет
|c (2009- )
|3 (RuTPU)RU\TPU\col\15902
|9 26305
|
| 801 |
|
1 |
|a RU
|b 63413507
|c 20220712
|
| 801 |
|
2 |
|a RU
|b 63413507
|c 20220926
|g RCR
|
| 942 |
|
|
|c BK
|